|
|
|
|
| LEADER |
01542nam a2200397Ia 4500 |
| 001 |
EBC865638 |
| 003 |
MiAaPQ |
| 005 |
20200520144314.0 |
| 006 |
m o d | |
| 007 |
cr cn||||||||| |
| 008 |
090702s2010 nyuab sb 001 0 eng d |
| 010 |
|
|
|z 2009026860
|
| 020 |
|
|
|z 9780814748183 (cl : alk. paper)
|
| 020 |
|
|
|z 081474818X (cl : alk. paper)
|
| 035 |
|
|
|a (MiAaPQ)EBC865638
|
| 035 |
|
|
|a (Au-PeEL)EBL865638
|
| 035 |
|
|
|a (CaPaEBR)ebr10356698
|
| 035 |
|
|
|a (OCoLC)779828157
|
| 040 |
|
|
|a MiAaPQ
|c MiAaPQ
|d MiAaPQ
|
| 050 |
|
4 |
|a HD4865.A45
|b K65 2010
|
| 082 |
0 |
4 |
|a 331.11/7340970903
|2 22
|
| 100 |
1 |
|
|a Knight, Frederick C.
|
| 245 |
1 |
0 |
|a Working the diaspora
|h [electronic resource] :
|b the impact of African labor on the Anglo-American world, 1650-1850 /
|c Frederick C. Knight.
|
| 260 |
|
|
|a New York :
|b New York University Press,
|c 2010.
|
| 300 |
|
|
|a xi, 229 p. :
|b ill., maps.
|
| 504 |
|
|
|a Includes bibliographical references and index.
|
| 533 |
|
|
|a Electronic reproduction. Ann Arbor, MI : ProQuest, 2015. Available via World Wide Web. Access may be limited to ProQuest affiliated libraries.
|
| 650 |
|
0 |
|a Slave labor
|z America
|x History.
|
| 650 |
|
0 |
|a Agricultural laborers
|z America
|x History.
|
| 650 |
|
0 |
|a Africans
|z America
|x History.
|
| 650 |
|
0 |
|a Blacks
|z America
|x History.
|
| 650 |
|
0 |
|a Agriculture
|z America
|x History.
|
| 650 |
|
0 |
|a African diaspora.
|
| 655 |
|
4 |
|a Electronic books.
|
| 710 |
2 |
|
|a ProQuest (Firm)
|
| 856 |
4 |
0 |
|u https://ebookcentral.proquest.com/lib/matrademy/detail.action?docID=865638
|z Click to View
|